| 000 | 01885nam a22003377a 4500 | ||
|---|---|---|---|
| 999 |
_c6450 _d6450 |
||
| 003 | OSt | ||
| 005 | 20200220142602.0 | ||
| 008 | 200207s2009 cl o|||fr|||| 00| 0 spa d | ||
| 020 | _a9789568827052 | ||
| 040 |
_aCO-JMCR _cCO-JMCR |
||
| 041 | 1 |
_aspa _heng |
|
| 082 | 0 | 4 |
_a658.3124 / _bM459c _220 |
| 100 | 1 |
_aMcManus, Patty, _eautora _9255 |
|
| 245 | 1 | 0 |
_aCómo hacer coaching : _bsoluciones prácticas para los desafíos del día a día / _cPatty McManus |
| 250 | _a1a. edición | ||
| 260 |
_aSantiago de Chile : _bHarvard Business Press, _c2009 |
||
| 300 |
_ax, 69 páginas : _bfotografías a blanco y negro ; _c18 cm. |
||
| 490 | 0 | _aSerie Pocket Mentor | |
| 500 | _aIncluye datos biográficos de la autora en tapa posterior. | ||
| 500 | _a"Motive a los empleados, escuche activamente, clarifique roles y adapte su estilo"--Tapa | ||
| 500 | _aTítulo original: Coaching people | ||
| 504 | _aBibliografía: página 69 | ||
| 505 | 0 | _aCoaching: lo básico -- ¿Qué es el coaching? -- Cómo saber cuándo hacer coaching -- Cómo desarrollar destrezas del coaching -- Cómo gestionar una sesión de coaching -- Cómo personalizar su coaching -- Consejos y herramientas -- Herramientas de cómo hacer coaching | |
| 520 | 0 | _a¿Cómo puede mejorar las relaciones con sus subordinados directos, desarrollar dinámicas de equipo eficaces, e incluso usar recursos de manera más eficiente? Aprenda cómo hacer coaching estratégicamente. En este libro usted encontrará una enorme cantidad de herramientas que le permitirán: decidir cuándo brindar coaching, conducir sesiones de coaching con un objetivo y personalizar su estilo de coaching. | |
| 546 | _aTraducido de inglés | ||
| 650 | 1 | 4 |
_aCoaching _9256 |
| 650 | 1 | 4 |
_aMetodología _xcoaching _9257 |
| 650 | 1 | 4 |
_aEntrenamiento de personal _xcoaching _9258 |
| 650 | 1 | 4 |
_aManejo de personal _xcoaching _9259 |
| 942 |
_2ddc _cBK |
||